书目信息 |
| 题名: |
筹建岁月
|
|
| 作者: | 吴和平 主编 | |
| 分册: | ||
| 出版信息: | 北京 中国林业出版社 2017.11 |
|
| 页数: | 214页 | |
| 开本: | 26cm | |
| 丛书名: | ||
| 单 册: | ||
| 中图分类: | S759.992.56 , S759.992 | |
| 科图分类: | ||
| 主题词: | 自然保护区--zi ran bao hu qu--建设--江西 | |
| 电子资源: | ||
| ISBN: | 978-7-5038-9312-4 | |
| 000 | 00947nam0 2200253 450 | |
| 001 | 89121 | |
| 005 | 20250814072120.75 | |
| 010 | @a978-7-5038-9312-4@dCNY108.00 | |
| 100 | @a20180202d2017 em y0chiy50 ea | |
| 101 | 0 | @achi |
| 102 | @aCN@b110000 | |
| 105 | @aab z 000yy | |
| 106 | @ar | |
| 200 | 1 | @a筹建岁月@Achou jian sui yue@e江西马头山国家级自然保护区建设纪实@f主编吴和平 |
| 210 | @a北京@c中国林业出版社@d2017.11 | |
| 215 | @a214页@c彩图, 地图@d26cm | |
| 330 | @a本书记录了马头山国家级自然保护区的发展历程, 具有史料保存价值, 能够为马头山国家级自然保护区日后的发展提供思路。 | |
| 517 | 1 | @a江西马头山国家级自然保护区建设纪实@Ajiang xi ma tou shan guo jia ji zi ran bao hu qu jian she ji shi |
| 606 | 0 | @a自然保护区@Azi ran bao hu qu@x建设@y江西 |
| 690 | @aS759.992.56@v5 | |
| 690 | @aS759.992@v4 | |
| 701 | 0 | @a吴和平@Awu he ping@c(自然保护区管理)@4主编 |
| 801 | 0 | @aCN@c20250909 |
| 905 | @a河南城建学院图书馆@dS759.992@eW790@f1 | |
| 筹建岁月:江西马头山国家级自然保护区建设纪实/主编吴和平.-北京:中国林业出版社,2017.11 |
| 214页:彩图, 地图;26cm |
| ISBN 978-7-5038-9312-4:CNY108.00 |
| 本书记录了马头山国家级自然保护区的发展历程, 具有史料保存价值, 能够为马头山国家级自然保护区日后的发展提供思路。 |
| ● |
| 相关链接 |
|
|
|
正题名:筹建岁月
索取号:S759.992/W790
 
预约/预借
| 序号 | 登录号 | 条形码 | 馆藏地/架位号 | 状态 | 备注 |
| 1 | 1623083 | 216230834 | 自科库401/401自科库 1排3列1层/ [索取号:S759.992/W790] | 在馆 |